<?xml version="1.0" encoding="UTF-8"?><?xml-stylesheet type="text/xsl" href="static/style.xsl"?><OAI-PMH xmlns="http://www.openarchives.org/OAI/2.0/" xmlns:xsi="http://www.w3.org/2001/XMLSchema-instance" xsi:schemaLocation="http://www.openarchives.org/OAI/2.0/ http://www.openarchives.org/OAI/2.0/OAI-PMH.xsd"><responseDate>2026-06-04T09:10:13Z</responseDate><request verb="GetRecord" identifier="oai:recam.amb.cat:20.500.14439/2111" metadataPrefix="marc">https://recam.amb.cat/rest/oai/request</request><GetRecord><record><header><identifier>oai:recam.amb.cat:20.500.14439/2111</identifier><datestamp>2026-04-17T10:22:39Z</datestamp><setSpec>com_20.500.14439_2794</setSpec><setSpec>com_20.500.14439_113</setSpec><setSpec>col_20.500.14439_4201</setSpec></header><metadata><record xmlns="http://www.loc.gov/MARC21/slim" xmlns:dcterms="http://purl.org/dc/terms/" xmlns:xsi="http://www.w3.org/2001/XMLSchema-instance" xmlns:doc="http://www.lyncode.com/xoai" xsi:schemaLocation="http://www.loc.gov/MARC21/slim http://www.loc.gov/standards/marcxml/schema/MARC21slim.xsd">
   <leader>00925njm 22002777a 4500</leader>
   <datafield ind2=" " ind1=" " tag="042">
      <subfield code="a">dc</subfield>
   </datafield>
   <datafield ind2=" " ind1=" " tag="720">
      <subfield code="a">Institut d'Estudis Regionals i Metropolitans de Barcelona
</subfield>
      <subfield code="e">author</subfield>
   </datafield>
   <datafield ind2=" " ind1=" " tag="260">
      <subfield code="c">2012-07-01</subfield>
   </datafield>
   <datafield ind2=" " ind1=" " tag="520">
      <subfield code="a">Aquest número s'estructura en dues parts clarament diferenciades: una primera part de presentació del Pla territorial metropolità de Barcelona i una segona de valoració, amb un text final a manera de postfaci. A la primera part s'inclouen tres articles redactats per persones que participaren activament en l'elaboració del Pla i que expliquen els aspectes més significatius de les propostes, amb especial remarca dels ambientals, així com de la metodologia emprada per elaborar-lo. La segona part està conformada per quinze textos breus de valoració i crítica del Pla, redactats per quinze autors de diferents perfils, però tots compromesos amb el país i la seva ordenació territorial. Cada autor ha elegit l'enfocament que ha considerat més adequat i els aspectes que ha cregut que era més oportú tractar, fet que ha proporcionat un ventall de valoracions crítiques prou ric i complet. Tanca el número, a manera de postfaci, un article d'Oriol Nel·lo sobre els reptes de futur del territori metropolità a partir de l'aprovació del PTMB.</subfield>
   </datafield>
   <datafield ind1="8" ind2=" " tag="024">
      <subfield code="a">9788492940073</subfield>
   </datafield>
   <datafield ind1="8" ind2=" " tag="024">
      <subfield code="a">1888-3621</subfield>
   </datafield>
   <datafield ind1="8" ind2=" " tag="024">
      <subfield code="a">https://hdl.handle.net/20.500.14439/2111</subfield>
   </datafield>
   <datafield ind1="8" ind2=" " tag="024">
      <subfield code="a">6169184</subfield>
   </datafield>
   <datafield ind1="8" ind2=" " tag="024">
      <subfield code="a">B 24883-2012</subfield>
   </datafield>
   <datafield tag="653" ind2=" " ind1=" ">
      <subfield code="a">Ordenació del territori</subfield>
   </datafield>
   <datafield tag="653" ind2=" " ind1=" ">
      <subfield code="a">Urbanisme</subfield>
   </datafield>
   <datafield ind2="0" ind1="0" tag="245">
      <subfield code="a">El pla territorial metropolità de Barcelona. Papers, 55</subfield>
   </datafield>
</record></metadata></record></GetRecord></OAI-PMH>